000
00311nam a2200109Ia 4500
008
171211s9999 xx 000 0 und d
245
_a
Boats & Harbours In Acrylic (what To Paint)
245
_c
Charles Evans
260
_c
2015
650
_x
Drawing
856
_u
http://down.ebook777.com/Boa&HarInAcr(whToPai.zip
999
_c
348069
_d
348069